书目信息 |
| 题名: |
中国近代著名哲学家评传
|
|
| 作者: | 辛冠洁 主编 | |
| 分册: | 下 | |
| 出版信息: | 济南 齐鲁书社 1982 |
|
| 页数: | 744页 | |
| 开本: | 21cm | |
| 丛书名: | ||
| 单 册: | ||
| 中图分类: | B250.5 , B2 | |
| 科图分类: | ||
| 主题词: | 哲学家--评传--中国--近代 , 哲学--中国 | |
| 电子资源: | ||
| ISBN: | ||
| 000 | 00706nam0 2200253 45 | |
| 001 | 1567669418 | |
| 005 | 20170927161545.03 | |
| 010 | @b精装@dCNY3.10(上)CNY3.40(下) | |
| 091 | @aCN@b2260.20 | |
| 100 | @a19950612d1982 em y0chiy0121 ea | |
| 101 | 0 | @achi |
| 102 | @aCN@b370000 | |
| 105 | @ay rz 000yd | |
| 200 | 10 | @a中国近代著名哲学家评传@Azhong guo jin dai zhu ming zhe xue jia ping zhuan@h下@f辛冠洁等主编 |
| 210 | @a济南@c齐鲁书社@d1982 | |
| 215 | @a744页@d21cm | |
| 606 | @a哲学家@x评传@y中国@z近代 | |
| 606 | 0 | @a哲学@x中国 |
| 690 | @aB250.5@v3 | |
| 690 | @aB2@v4 | |
| 701 | 0 | @a辛冠洁@Axin guan jie@4主编 |
| 801 | 0 | @aCN@bTSSF@c20150127 |
| 801 | 2 | @aCN@bNLC |
| 905 | @aZUCC@dB2@eJY31:2 | |
| 中国近代著名哲学家评传.下/辛冠洁等主编.-济南:齐鲁书社,1982 |
| 744页;21cm |
| ISBN (精装):CNY3.10(上)CNY3.40(下) |
| ● |
| 相关链接 |
|
|
|
|
正题名:中国近代著名哲学家评传
索取号:B2/JY31:2
 
预约/预借
| 序号 | 登录号 | 条形码 | 馆藏地/架位号 | 状态 | 备注 |
| 1 | 7863993 | 278639939 | 学院路分馆/ [索取号:B2/JY31:2] | 在馆 |